| 000 | 00672nam a2200217Ii 4500 | ||
|---|---|---|---|
| 003 | JO-AjNU | ||
| 008 | 230605s9999||||xx |||||||||||||| ||und|| | ||
| 017 | _a1989/8/528 | ||
| 040 |
_aJO-AjNU _bara _erda _cJO-AjNU |
||
| 041 | _aara | ||
| 050 | 1 | 4 | _aPJ7505.A2888 1989 |
| 100 | 3 |
_aتأليف أبو علي، محمد بركات حمدي, _eauthor _947773 |
|
| 245 | 0 | 0 | _aدراسات في النقد الأدبي |
| 250 | _aط1 | ||
| 264 | 3 | 1 | _aعمان: دار الفكر، 1989 |
| 300 | _a145ص | ||
| 336 |
_atext _btxt _2rdacontent |
||
| 337 |
_aunmediated _bn _2rdamedia |
||
| 338 |
_avolume _bnc _2rdacarrier |
||
| 650 | 4 |
_aالأدب العربي - نقد _947774 |
|
| 999 |
_aA20878 _c24446 _d24446 |
||